Financial management/ (Record no. 196785)

MARC details
000 -LEADER
fixed length control field 00593nam a22002057a 4500
005 - DATE AND TIME OF LATEST TRANSACTION
control field 20230727144302.0
008 - FIXED-LENGTH DATA ELEMENTS--GENERAL INFORMATION
fixed length control field 090225t xxu||||| |||| 00| 1 eng d
010 ## - LCCN (DPL NO)
LC control number ENG-137620
020 ## - INTERNATIONAL STANDARD BOOK NUMBER
International Standard Book Number 9789325982291
Terms of availability 699.00
035 ## - SYSTEM CONTROL NUMBER
System control number EN-121152
037 ## - SOURCE OF ACQUISITION
Source of stock number/acquisition DBAD/PUB
040 ## - CATALOGING SOURCE
Original cataloging agency DPL
Language of cataloging English
082 ## - DEWEY DECIMAL CLASSIFICATION NUMBER
Classification number 657.48
100 ## - MAIN ENTRY--PERSONAL NAME
9 (RLIN) 29133
Personal name Pandey,I.M
245 ## - TITLE STATEMENT
Title Financial management/
Statement of responsibility, etc by I.M Pandey
260 ## - PUBLICATION, DISTRIBUTION, ETC. (IMPRINT)
Place of publication, distribution, etc Noida
Name of publisher, distributor, etc vikas publishing house pvt LTD
Date of publication, distribution, etc 2015
270 ## - ADDRESS
Address E-28, sector-B
City Noida 201301
300 ## - PHYSICAL DESCRIPTION
Extent 921p.
Dimensions 27cm (pbk)
942 ## - ADDED ENTRY ELEMENTS (KOHA)
Source of classification or shelving scheme Dewey Decimal Classification
Item type English Books
Call number suffix PAN
Classification part 657.48
Holdings
Withdrawn status Lost status Source of classification or shelving scheme Damaged status Not for loan Collection code Home library Current library Date acquired Source of acquisition Cost, normal purchase price Total Checkouts Full call number Barcode Date last seen Copy number Cost, replacement price Koha item type
    Dewey Decimal Classification     Non-fiction Shahdara Branch Shahdara Branch 27/07/2023 DBAD/PUB 699.00   657.48 PAN EN-121152 27/07/2023 1 699.00 English Books

© Delhi Public Library
Hit Counter
free hit counter